Chemistry and methods of enzymes /

Contenido: Propiedades generales de las enzimas. Esterasas. Carbohidrasas. Fosforilasas. Nucleasas. Amidasas. Enzimas proteolíticas. Enzimas oxidantes. Enzimas de hierro. De cobre. Enzimas que reducen los citocromos. Enzimas Deaminasas nucleicas. Enzimas misceláneas. Desmolasas. Hidrasas y mutasas....

Descripción completa

Guardado en:
Detalles Bibliográficos
Autor principal: Sumner, James B. (autor)
Otros autores: Somers, G. Fred (autor) (autor)
Formato: Libro
Idioma:Inglés
Publicado: Nueva York, EUA : Academic Press, 1947, c1947
Edición:2a edición
Temas:
Etiquetas: Agrega una etiqueta
Sin etiquetas, Sé el primero en etiquetar este registro!

MARC

LEADER 00000nam^a2200000^a^4500
001 000092652
005 20250521000000.0
009 20260310092731.527
037 |a Acervo ITESO - Biblioteca 
041 |a ING 
082 |a 574. 1925  |b SUM 
100 |a Sumner, James B.  |e (autor) 
245 1 0 |a Chemistry and methods of enzymes /  |c J.B. Sumner, G.F. Somers. 
250 |a 2a edición  |b revisada y aumentada 
264 4 |a Nueva York, EUA :  |b Academic Press,  |c 1947, c1947 
300 |a 415 p. 
336 |a texto  |b txt  |2 rdacontenido 
337 |a sin mediación  |b n  |2 rdamedio 
338 |a volumen  |b nc  |2 rdasoporte 
520 |a Contenido: Propiedades generales de las enzimas. Esterasas. Carbohidrasas. Fosforilasas. Nucleasas. Amidasas. Enzimas proteolíticas. Enzimas oxidantes. Enzimas de hierro. De cobre. Enzimas que reducen los citocromos. Enzimas Deaminasas nucleicas. Enzimas misceláneas. Desmolasas. Hidrasas y mutasas. El papel de las enzimas en el metabolismo de los carbohidratos y procesos biológicos relacionados. 
649 |a XX 
650 |a Enzimas 
650 |a Metabolismo 
650 |a Bioquímica 
650 |a Biología 
650 |a Química 
700 |a Somers, G. Fred  |e (autor) 
910 |a Fondo General 
920 |a Impresos - Libros 
930 |a Colección General 
905 |a 101 
901 |a 0500027486  |b IT1  |c ACC  |u 20250521 
902 |a https://opac.biblio.iteso.mx/vufind/Record/000092652